000 00602nam a2200193Ia 4500
005 20250508164940.0
008 008 250505s9999 xx 000 0 eng d
037 _aDissertations
040 _aFEDL
_beng
_cFEDL
041 _aeng
_2eng
084 _a371.3, JOS/DI
_qFEDL
100 _aJoshi Jagdish Chandra
245 0 _aComparative study of the effect of different prompts on error rate on programmed instructional material
260 _c1991
300 _a145p.
546 _aM.Ed. Dissertation (Delhi University)
942 _cDIS
_h371.3, JOS/DI
999 _c1392220
_d1392220